000
00243 a2200097 4500
001
2929
100
_a
Norman, R.B.
245
_a
Elect color,the art of color App.to graphic compt.
260
_a
_b
Van Nostrand Renhold,
_c
090
_c
2221
_d
2221
942
_a
NUST-CAE
_c
M
_c
13570
999
_c
238002
_d
238002